Normal view
MARC view
- ORGANIZATIONAL COMMUNICATION. BUSINESS COMMUNICATION
Entry Topical Term
001 - CONTROL NUMBER
- control field: 63784
003 - CONTROL NUMBER IDENTIFIER
- control field: NUST
005 - DATE AND TIME OF LATEST TRANSACTION
- control field: 20210628203157.0
008 - FIXED-LENGTH DATA ELEMENTS
- fixed length control field: 210628|| aca||aabn | a|a d
040 ## - CATALOGING SOURCE
- Original cataloging agency: NUST
- Transcribing agency: NUST
150 ## - HEADING--TOPICAL TERM
- Topical term or geographic name entry element: ORGANIZATIONAL COMMUNICATION. BUSINESS COMMUNICATION
670 ## - SOURCE DATA FOUND
- Source citation: Work cat.: (NUST): Reuss, Carol, Silvis, Donn 63783, Inside organizational communication, international association of business communicators, 2007
